000
00289nam a22001097a 4500
008
170105b xxu||||| |||| 00| 0 eng d
020
_a
9780205185429
041
_a
eng
080
_2
6TH
_a
618.2
245
_a
FIRST AID FOR COLLEGES AND UNIVERSITIES
_c
HAFEN, B.Q & KARREN, K.J
942
_2
udc
_c
BK
999
_c
2566
_d
2566